000 00582nam a2200169Ia 4500
008 110201s9999 xx 000 0 und d
082 _bB3409
_aS 427
100 _aसिंग हरबंस
245 _aगुरु गोविंद सिंह
260 _bगुरु गोविंद सिंह फांउडेशन
365 _b8
600 _aसिंग हरबंस
630 _aगुरु गोविंद सिंह
700 _aसिंग हरबंस
730 _aगुरु गोविंद सिंह
942 _cBOOK
999 _c830043
_d830040